| 000 | 00825nam a22002537a 4500 | ||
|---|---|---|---|
| 999 |
_c34380 _d34380 |
||
| 001 | 3743 | ||
| 003 | CO-MdFUSB | ||
| 005 | 20180622073139.0 | ||
| 008 | 180313t2003 sp ||||| |||| 00| 0 spa d | ||
| 020 | _a84-8169-371-5 | ||
| 040 |
_aCO-MdFUSB _bspa _cCO-MdFUSB _dCO-MdFUSBC _erda |
||
| 041 | 0 | _aspa | |
| 082 | 0 | 4 | _aG 227.2 D277p |
| 100 | 1 |
_aDíaz Rodelas, Juan M. _eautor |
|
| 245 | 0 |
_aPrimera Carta a los Corintios _c/ Juan M. Díaz Rodelas |
|
| 264 | 4 |
_aEstella, Navarra, España : _bVerbo Divino, _c©2003 |
|
| 300 | _a328 Pag | ||
| 336 |
_2rdacontent _atexto _btxt |
||
| 337 |
_2rdamedia _asin mediación _bn |
||
| 338 |
_2rdacarrier _avolumen _bnc |
||
| 500 | _aGuías de lectura y esquemas para la evaluación personal de Ricardo Lázaro Barceló | ||
| 653 | _aBiblia N.T. - 1 Corintios - Comentarios | ||
| 942 | _cBK | ||